| 000 | 00510nam a22001937a 4500 | ||
|---|---|---|---|
| 003 | MPLRDC | ||
| 005 | 20220104190414.0 | ||
| 008 | 210129b ||||| |||| 00| 0 eng d | ||
| 020 | _a978-986-213-166-4 | ||
| 082 | _a852.4516 SS | ||
| 100 | _a苏轼 原著 | ||
| 245 |
_a苍凉的独白书写 _c蒋勋 导读 |
||
| 250 | _a初版四刷 | ||
| 260 |
_a台湾 _b大块文化出版股份有限公司 _c2010 |
||
| 300 | _b平 | ||
| 490 | _a经典3.0: 010 | ||
| 650 | _a宋--苏轼 | ||
| 942 |
_cBK _o852.4516 SS |
||
| 999 |
_c63773 _d63763 |
||